Super Smash Bros. for Wii U and 3DS - Statistics

General Stats
  • This quiz has been taken 565 times
  • The average score is 23 of 33
Answer Stats
Hint Answer % Correct
Mario series Mario
99%
Luigi
97%
Peach
95%
Bowser
93%
Donkey Kong series Donkey Kong
91%
Legend of Zelda series Link
89%
Zelda
89%
Diddy Kong
88%
Kirby series Kirby
87%
Metroid series Samus Aran
83%
Pokémon series Pikachu
82%
Kid Icarus series Pit
80%
Fire Emblem series Marth
79%
Zero Suit Samus
79%
King Dedede
77%
Ike
75%
Sheik
72%
Toon Link
72%
Charizard
71%
Lucario
70%
Palutena
67%
Greninja
65%
Pac-Man
60%
Rosalina & Luma
59%
Third Party characters Sonic the Hedgehog
58%
other series Yoshi
58%
Mega Man
57%
Wii Fit Trainer
40%
Little Mac
39%
Fox McCloud
38%
Villager
37%
Olimar
33%
Mii Fighters
31%
No matching quizzes found
Score Distribution
Percent of People with Each Score
Percentile by Number Answered
Your Score History
You have not taken this quiz